000 00687nam a2200229 a 4500
001 000023981
003 DO-SdBNP
005 20220926095535.0
007 ta
008 110118s2012 dr a 000 0 spa d
040 _aDO-SdBNP
_bspa
_cBNPHU
082 4 _aRD861.44
_bS684m
_222
100 1 _aSolano Sosa, Rafael David
_923131
245 1 0 _aMujer dominicana :
_bcostilla de mi alma /
_cRafael David Solano.
260 _aSanto Domingo :
_bTalleres José Mendoza,
_c2012.
300 _a64 p. :
_bil. ;
_c21 cm.
590 _aInventariado, 2022/MFF
650 4 _aPoesía dominicana
650 4 _aLiteratura dominicana
910 _aValidado. Control de calidad MFF
942 _2ddc
_cLBS1
999 _c23476
_d23476